| 000 | 00648nam a2200241 a 4500 | ||
|---|---|---|---|
| 001 | 0001-1133 | ||
| 003 | ELIB.Books | ||
| 008 | 150504 2010 eng | ||
| 020 | _aKBTS | ||
| 035 | _a(ELIB.Books)0001-1288 | ||
| 092 |
_a270 _bDeM |
||
| 100 | _aDe Mesa, Jose` M. | ||
| 245 |
_aBecoming Church Being Sacrament _bA Filipino Ecclesiology For College Students |
||
| 260 |
_aManila _bSt. Scholastica's College _c2012 |
||
| 300 |
_a191 _c21 Cm |
||
| 500 | _aLibrary | ||
| 650 | _aChurch History | ||
| 856 |
_nKBTS: Library _uKBTS: Elib |
||
| 942 |
_2ddc _cBK |
||
| 990 | _a1 | ||
| 998 |
_cbat _e2015-05-04 |
||
| 999 |
_c11133 _d11133 |
||